Obchodný zákonník s podrobným komentárom pre právnu a podnikateľskú prax. Živnostenský zákon

Guardado en:
Detalles Bibliográficos
Formato: Libro
Lenguaje:eslovaco
Publicado: Bratislava : Práca, 1992
Etiquetas: Agregar Etiqueta
Sin Etiquetas, Sea el primero en etiquetar este registro!

MARC

LEADER 00000nam a22000003a 4500
001 stu31846
005 20150408162400.3
008 940707s1992----xo------------------slo-d
020 |a 80-7094-267-3 
040 |a STU  |b slo 
041 0 |a slo 
044 |a xo 
080 |a 339.1 
245 |a Obchodný zákonník s podrobným komentárom pre právnu a podnikateľskú prax. Živnostenský zákon 
260 |a Bratislava :  |b Práca,  |c 1992 
300 |a 654 s 
996 |b J88502  |c J*88502  |l JJSK  |s A  |a 24  |w stu31846_0001 
996 |b J88503  |c J*88503  |l JJSK  |s A  |a 24  |w stu31846_0002